Щодо назви міста Остріг (Запис № 459274)

МАРК-запис
000 -Лідер
fixed length control field 00623caa a2200205 4500
001 - Контрольний номер
control field 216217987
003 - Ідентифікатор контрольного номера
control field UA-OsUOA
005 - Дата та час останнього входження (трансакції)
control field 20200518002357.0
008 - Елементи даних фіксованої довжини – загальна інформація
fixed length control field 200518b un ||||| |||| 00| 0 ukr d
040 ## - Джерело каталогізації
Агенція оригінальної каталогізації UA-OsUOA
Мова каталогізації ukr
Агенція, яка здійснювала перезапис UA-OsUOA
Агенція, яка здійснювала модифікацію UA-OsUOA
041 ## - Код мови
Код мови тексту/ звукової доріжки чи окремого заголовка (П) ukr
080 ## - Індекс Універсальної десяткової класифікації
Індекс Універсальної десяткової класифікації (УДК) (НП) 908
090 ## - Локальний шифр розміщення
Класифікаційний індекс УДК 908
100 ## - Основне введення – ім’я особи
Ім’я особи (НП) Хомяк І.
245 ## - Відомості про назву
Назва (НП) Щодо назви міста Остріг
Дані про відповідальність (НП) І. Хомяк
300 ## - Фізичний опис
Обсяг С. 369–370
650 ## - Додаткове предметне введення – тематичний термін
Джерело заголовка чи терміна UDC
773 0# - Введення хост-одиниці (П)
Бібліонома 399318
Host Itemnumber 416566
Місце, видавець та дата видання (НП) Острог НаУОА 2014
Інший ідентифікатор одиниці опису 148881
Назва (НП) Острозький краєзнавчий збірник
Контрольний номер запису (П) (UA-OsUOA) 113461
942 ## - Додаткові елементи входу (Коха)
Source of classification or shelving scheme Universal Decimal Classification
Тип елемента Koha Складова частина документа

Немає доступних примірників.